Simplifikácia nákupných procesov ako podmienka úspechu e-shopovej platformy bakalárska práca

Guardado en:
Detalles Bibliográficos
Autor principal: Szalai, Ádám
Autor Corporativo: Obchodná fakulta EU. Katedra marketingu
Otros Autores: Orgonáš, Jozef, 1957-
Formato: Libro
Lenguaje:eslovaco
Publicado: Bratislava 2021
Etiquetas: Agregar Etiqueta
Sin Etiquetas, Sea el primero en etiquetar este registro!

MARC

LEADER 00000nbm a2200000 4500
001 0276012
005 20220127122643.3
041 0 |a slo 
044 |a SK 
245 1 0 |a Simplifikácia nákupných procesov ako podmienka úspechu e-shopovej platformy  |b bakalárska práca  |c Ádám Szalai ; školiteľ: Jozef Orgonáš 
264 1 |a Bratislava  |c 2021 
300 |a 37 s. 
100 1 |a Szalai, Ádám 
700 1 |a Orgonáš, Jozef, 1957- 
710 2 |a Obchodná fakulta EU. Katedra marketingu